000 00649nam a2200241 i 4500
001 C2-0157652
003 PPAK
005 20210728145831.0
008 980430s1985 enka|||| ||||| | eng d
020 _a0600324753
040 _aPPAK
_beng
_cPPAK
_erda
082 0 4 _a641.8654
_223
090 0 0 _a641.8654
_bDIG
_dR
100 1 _aDiggins, Nicola,
_eauthor
245 1 0 _aBiscuits and cookies
264 1 _aLondon :
_bHamlyn Publishing ,
_c1985
300 _a128 pages :
_bcolour illustrations ;
_c22 cm
336 _2rdacontent
_atext
337 _2rdamedia
_aunmediated
338 _2rdacarrier
_avolume
650 1 0 _aCookies
942 _cB
_2ddc
999 _c48512
_d48512